Т. 329, № 9; Известия Томского политехнического университета [Известия ТПУ]. Инжиниринг георесурсов

Detalhes bibliográficos
Parent link:Известия Томского политехнического университета [Известия ТПУ]. Инжиниринг георесурсов=Bulletin of the Tomsk Polytechnic University. Geo Assets Engineering/ Национальный исследовательский Томский политехнический университет (ТПУ). Т. 329, № 9.— , 2015-
Resumo:"Известия Томского политехнического университета. Инжиниринг георесурсов" публикует оригинальные работы, обзорные статьи, очерки и обсуждения, охватывающие последние достижения в области геологии, разведки и добычи полезных ископаемых, технологии транспортировки и глубокой переработки природных ресурсов, энергоэффективного производства и преобразования энергии на основе полезных ископаемых, а также безопасной утилизации геоактивов.
Idioma:russo
inglês
Publicado em: 2018
Assuntos:
Formato: Livro
KOHA link:https://koha.lib.tpu.ru/cgi-bin/koha/opac-detail.pl?biblionumber=342179

MARC

LEADER 00000nam2a2200000 4500
001 342179
005 20231208105826.0
035 |a (RuTPU)RU\TPU\book\370768 
090 |a 342179 
100 |a 20181214d2018 k y0rusy50 ca 
101 0 |a rus  |a eng 
102 |a RU 
105 |a a z 001zy 
200 0 |a Т. 329, № 9 
210 |d 2018 
215 |a 174 с.  |c ил. 
320 |a Библиография в конце статей 
330 |a "Известия Томского политехнического университета. Инжиниринг георесурсов" публикует оригинальные работы, обзорные статьи, очерки и обсуждения, охватывающие последние достижения в области геологии, разведки и добычи полезных ископаемых, технологии транспортировки и глубокой переработки природных ресурсов, энергоэффективного производства и преобразования энергии на основе полезных ископаемых, а также безопасной утилизации геоактивов. 
461 1 |0 (RuTPU)RU\TPU\book\353411  |t Известия Томского политехнического университета [Известия ТПУ]. Инжиниринг георесурсов  |l Bulletin of the Tomsk Polytechnic University. Geo Assets Engineering  |f Национальный исследовательский Томский политехнический университет (ТПУ)  |v Т. 329, № 9  |d 2015-  
606 1 |a Научно-технический потенциал  |2 stltpush  |3 (RuTPU)RU\TPU\subj\45166  |9 64427 
610 1 |a пласты 
610 1 |a сероводород 
610 1 |a инжекция 
610 1 |a математические модели 
610 1 |a Енисейский кряж 
610 1 |a золоторудные месторождения 
610 1 |a прогноз 
610 1 |a поиски 
610 1 |a цинковые концентраты 
610 1 |a обжиг 
610 1 |a кипящий слой 
610 1 |a печи 
610 1 |a энергохимические установки 
610 1 |a труды учёных ТПУ 
675 |a 62  |v 4 
801 1 |a RU  |b 63413507  |c 20181214 
801 2 |a RU  |b 63413507  |c 20221212  |g RCR 
942 |c CR